000 00817nam a2200301Ia 4500
001 63882
003 IT-RoPAU
008 130308s9999 xx 000 0 und d
040 _aIT-RoPAU
040 _cIT-RoPAU
041 _aITALIANO
100 _aBarbera Alberto
100 _gCodice Aut. SPICS: 9577
245 _aErich Von Stroheim
245 _bErich Von Stroheim
250 _a1a ed.
260 _aTORINO
260 _bA.I.A.C.E.
260 _c1974 [1° Ed.:1974 - Ed.Ling.Originale:1974]
300 _a"82 p. (prefazione: no ; testo: 82 [pagine: 0-0])"
500 _aFascicolo con Vita e Opere di Stroheim Bibliografia e Filmografia di Stroheim
650 _aAUTORI/OPERE DEL CINEMA
650 _eCodice materia Spics: 6807
942 _cBK
957 _71
999 _c71448
_d71448
999 _bSI
999 _g1